|
|
|
|
| LEADER |
01679nam a2200433 i 4500 |
| 001 |
EBC3544731 |
| 003 |
MiAaPQ |
| 005 |
20200520144314.0 |
| 006 |
m o d | |
| 007 |
cr cnu|||||||| |
| 008 |
150807t20132013sa a ob 001 0 eng d |
| 020 |
|
|
|a 9781869224233
|q (electronic bk.)
|
| 035 |
|
|
|a (MiAaPQ)EBC3544731
|
| 035 |
|
|
|a (Au-PeEL)EBL3544731
|
| 035 |
|
|
|a (CaPaEBR)ebr11082427
|
| 035 |
|
|
|a (CaONFJC)MIL493245
|
| 035 |
|
|
|a (OCoLC)922475127
|
| 040 |
|
|
|a MiAaPQ
|b eng
|e rda
|e pn
|c MiAaPQ
|d MiAaPQ
|
| 050 |
|
4 |
|a HD5115
|b .N45 2013
|
| 082 |
0 |
|
|a 331.2598
|2 23
|
| 100 |
1 |
|
|a Nel, Jan Kemp,
|e author.
|
| 245 |
1 |
0 |
|a Attacking absenteeism /
|c Jan Kemp Nel ; cover design, Nadia du Plesis.
|
| 264 |
|
1 |
|a Randburg, South Africa :
|b Knowres Publishing,
|c 2013.
|
| 264 |
|
4 |
|c 2013
|
| 300 |
|
|
|a 1 online resource (135 pages) :
|b color illustrations.
|
| 336 |
|
|
|a text
|2 rdacontent
|
| 337 |
|
|
|a computer
|2 rdamedia
|
| 338 |
|
|
|a online resource
|2 rdacarrier
|
| 490 |
0 |
|
|a Street Wise Labour Law
|
| 504 |
|
|
|a Includes bibliographical references and index.
|
| 588 |
|
|
|a Description based on online resource; title from PDF title page (ebrary, viewed August 7, 2015).
|
| 590 |
|
|
|a Electronic reproduction. Ann Arbor, MI : ProQuest, 2015. Available via World Wide Web. Access may be limited to ProQuest affiliated libraries.
|
| 650 |
|
0 |
|a Absenteeism (Labor)
|
| 650 |
|
0 |
|a Absenteeism (Labor)
|x Prevention.
|
| 650 |
|
0 |
|a Absenteeism (Labor)
|x Management.
|
| 655 |
|
4 |
|a Electronic books.
|
| 700 |
1 |
|
|a Plesis, Nadia du,
|e cover designer.
|
| 797 |
2 |
|
|a ProQuest (Firm)
|
| 856 |
4 |
0 |
|u https://ebookcentral.proquest.com/lib/matrademy/detail.action?docID=3544731
|z Click to View
|